000 00969nam a2200193 a 4500
005 20140414132102.0
008 100722s19uu xx 00 eng d
050 _aM 600
_bG76 2008
100 _aGraham, Ian
245 _aScience and technology.
260 _aLaguna Hills, CA :
_bQEB pub,
_c2008.
300 _a32 p.
440 _aInventions in...
500 _aContents: Exploring science -- Invisible world -- Seeing further -- Going nuclear -- Lasers -- Supercomputers -- Space probes -- Space stations -- Atom smashers -- Robots -- Genetic engineering -- Genetic fingerprints -- Future sci-tech. Notes: Includes index.
520 _a"Tells the history of inventions that have advanced science and technology, from the microscope and telescope to supercomputers, lasers, and genetic fingerprinting"--Provided by publisher.
650 _aInventions --History --Juvenile literature.
650 _aScience --History --Juvenile literature.
999 _c114507
_d114507